000 00965nam a22002651a 4500
999 _c2478
_d2478
008 200319s2012 ii ad||g m|||a00| 0 eng d
040 _aKO
_beng
041 0 _aeng
044 _aii
082 0 4 _223
_a378.242
_bIRM1101
100 1 _aAshraf, Adil Mohamed
_eResearcher
245 3 0 _aAn Overall Study of the Jawaharlal Nehru Port Trust & Its Core Activities /
_cAdil Mohamed Ashraf; Guide Mrs. Mini Elizabeth Eappen
260 _aKochi :
_bIndian Maritime University,
_c2012
300 _a60p. :
_bill., charts ;
_c29 cm.
490 0 _aMBA Internship 2011-13 ;
_v11005051001
502 _aInternship (MBA)–Indian Maritime University. School of Maritime Management, 2012.
610 _aJawaharlal Nehru Port Trust.
650 0 _xContainer terminals
650 0 _aIndustrial organization
_xCase studies
655 7 _2lcsh
_aDissertations, Academic
_y2012
700 1 _aEappen, Mini Elizabeth
_cMrs.
_eGuide
904 _aA_BOSE
942 _cTH